Jane Eyre / (Record no. 4877)
[ view plain ]
| 000 -LEADER | |
|---|---|
| fixed length control field | 00690nam a2200241 a 4500 |
| 001 - CONTROL NUMBER | |
| JCCL Control Number | 4877 |
| 003 - CONTROL NUMBER IDENTIFIER | |
| JCCL marc code | BD-JhCC |
| 005 - DATE AND TIME OF LATEST TRANSACTION | |
| control field | 20221020134024.0 |
| 008 - FIXED-LENGTH DATA ELEMENTS--GENERAL INFORMATION | |
| fixed length control field | 950908r19851966enk 000 1 eng d |
| 020 ## - INTERNATIONAL STANDARD BOOK NUMBER | |
| International Standard Book Number | 0140430113 |
| 035 ## - SYSTEM CONTROL NUMBER | |
| system control number | (BD-JhCC)4877 |
| 040 ## - CATALOGING SOURCE | |
| Original cataloging agency | UKM |
| Transcribing agency | UKM |
| Modifying agency | EQO |
| -- | BD-JhCC |
| 041 ## - LANGUAGE CODE | |
| Language code of Book | eng |
| 082 ## - DEWEY DECIMAL CLASSIFICATION NUMBER | |
| Classification number | 823/.8 |
| DDC Edition number | 19 |
| Author mark and Year | BRO 1966 |
| 100 1# - MAIN ENTRY--PERSONAL NAME | |
| Personal name | Brontë, Charlotte, |
| Dates associated with a name | 1816-1855. |
| 245 10 - TITLE STATEMENT | |
| Title | Jane Eyre / |
| Statement of responsibility, etc | Charlotte Brontë , edited by Q. D. Leavis |
| 260 ## - PUBLICATION, DISTRIBUTION, ETC. (IMPRINT) | |
| Place of publication, distribution, etc | Harmondsworth : |
| Name of publisher, distributor, etc | Penguin, |
| Date of publication, distribution, etc | 1966 |
| 300 ## - PHYSICAL DESCRIPTION | |
| Pagination | 489 p. ; |
| Dimensions | 18 cm |
| 650 ## - SUBJECT ADDED ENTRY--TOPICAL TERM | |
| Topical term or geographic name as entry element | Governesses in literature |
| 650 ## - SUBJECT ADDED ENTRY--TOPICAL TERM | |
| Topical term or geographic name as entry element | Jane Eyre (Brontë, Charlotte) |
| 700 1# - ADDED ENTRY--PERSONAL NAME | |
| Personal name | Leavis, Q. D. |
| Fuller form of name | (Queenie Dorothy) |
| 942 ## - ADDED ENTRY ELEMENTS (KOHA) | |
| Source of classification or shelving scheme | Dewey Decimal Classification |
| Koha item type | Books |
| Koha issues (borrowed), all copies | 6 |
| Source of classification or shelving scheme | Damaged status | Not for loan | Home library | Current library | Shelving location | Date of accession | Source of acquisition | Cost, normal purchase price | Total Checkouts | Full call number | Barcode | Date last seen | Date checked out | Copy number | Koha item type |
|---|---|---|---|---|---|---|---|---|---|---|---|---|---|---|---|
| Dewey Decimal Classification | JCC Rouf Library | JCC Rouf Library | General Stacks | 12/04/2017 | Stowe School Library | 4.00 | 10 | 823/.8 BRO 1966 | 6907 | 01/20/2025 | 11/18/2024 | C-1 | Books | ||
| Dewey Decimal Classification | JCC Rouf Library | JCC Rouf Library | General Stacks | 1 | 823/.8 BRO 1966 | 8112 | 11/04/2018 | 10/28/2018 | C - 2 | Books |